000 00374nam a2200169Ia 4500
100 _aMalvino/ A. P.
650 _aElectrical Engineering
250 _a4
942 _cBK
654 _aDigital
245 _aDigital principles & applications
260 _bMc Graw Hill
_aNew Delhi
_c1986
082 _a621.395
_bMAL
300 _a540
546 _aENGLISH
999 _c32815
_d32815